[Event "Bodensee op"]
[Site "Bregenz"]
[Date "2019.05.26"]
[Round "2"]
[White "Dittmar, Peter"]
[Black "Ladner, Peter"]
[Result "1-0"]
[WhiteElo "2262"]
[BlackElo "1974"]
[PlyCount "43"]
[EventDate "2019.05.25"]
[EventType "swiss"]
[EventRounds "9"]
[EventCountry "AUT"]
[SourceTitle "CBM 190 Extra"]
[Source "ChessBase"]
[SourceDate "2019.07.15"]
[SourceVersion "1"]
[SourceVersionDate "2019.07.15"]
[SourceQuality "1"]

1. d4 Nf6 2. c4 e6 3. Nc3 Bb4 4. e3 b6 5. Bd3 Bxc3+ 6. bxc3 Bb7 7. f3 0-0 8. e4 d6 9. Ne2 e5 10. 0-0 h6 11. Ng3 Nc6 12. Be3 Bc8 13. h3 Nh7 14. f4 Qh4 15. Kh2 Qe7 16. Qh5 Nf6 17. Qf3 Nh7 18. Rae1 Bd7 19. Nf5 Qf6 20. fxe5 dxe5 21. Nxh6+ Kh8 22. Qh5 1-0

[Event "Liechtenstein op 32nd"]
[Site "Triesen"]
[Date "2014.05.31"]
[Round "9"]
[White "Ladner, Peter"]
[Black "Guenthner, Oliver"]
[Result "1/2-1/2"]
[WhiteElo "1969"]
[BlackElo "2238"]
[PlyCount "58"]
[EventDate "2014.05.23"]
[EventType "swiss"]
[EventRounds "9"]
[EventCountry "LIE"]
[SourceTitle "CBM 160 Extra"]
[Source "ChessBase"]
[SourceDate "2014.07.01"]
[SourceVersion "1"]
[SourceVersionDate "2014.07.01"]
[SourceQuality "1"]

1. e4 c5 2. Nf3 d6 3. Bb5+ Bd7 4. Bxd7+ Qxd7 5. 0-0 Nc6 6. c3 Nf6 7. Re1 g6 8. d4 Bg7 9. Bg5 h6 10. Bxf6 exf6 11. dxc5 dxc5 12. Qxd7+ Kxd7 13. Na3 Rad8 14. Rad1+ Ke6 15. Nb5 Rxd1 16. Rxd1 Rc8 17. Rd6+ Ke7 18. Rd5 b6 19. Kf1 Bf8 20. Ke2 h5 21. h3 Ke6 22. Rd1 a6 23. Na3 b5 24. c4 Rb8 25. cxb5 axb5 26. Nc2 f5 27. Ng5+ Kf6 28. Nh7+ Ke6 29. Ng5+ Kf6 1/2-1/2

[Event "Liechtenstein op 32nd"]
[Site "Triesen"]
[Date "2014.05.23"]
[Round "1"]
[White "Ladner, Peter"]
[Black "Cherniaev, Alexander"]
[Result "0-1"]
[WhiteElo "1969"]
[BlackElo "2429"]
[PlyCount "130"]
[EventDate "2014.05.23"]
[EventType "swiss"]
[EventRounds "9"]
[EventCountry "LIE"]
[SourceTitle "CBM 160 Extra"]
[Source "ChessBase"]
[SourceDate "2014.07.01"]
[SourceVersion "1"]
[SourceVersionDate "2014.07.01"]
[SourceQuality "1"]

1. e4 g6 2. d4 Bg7 3. Nc3 c6 4. a4 d5 5. e5 f6 6. f4 Nh6 7. Nf3 0-0 8. Be2 Bg4 9. 0-0 Nd7 10. a5 Qc7 11. b4 Bxf3 12. Bxf3 e6 13. Qd3 Nf5 14. Bg4 Rae8 15. Bxf5 gxf5 16. Bb2 Kh8 17. Ne2 Rg8 18. Rf3 Bh6 19. Rg3 Qd8 20. Rf1 Qe7 21. Bc3 Rxg3 22. Qxg3 fxe5 23. fxe5 Rg8 24. Qf3 Qh4 25. Be1 Qg5 26. Nf4 Qxf4 27. Qxf4 Bxf4 28. Rxf4 Kg7 29. Rf3 Kf7 30. Rh3 Nf8 31. Bd2 Rg4 32. c3 Kg8 33. Kf2 Ng6 34. Rg3 Re4 35. Kf3 Rh4 36. h3 Kf7 37. Kf2 Re4 38. Rf3 Ke8 39. g3 b6 40. axb6 axb6 41. Rd3 Kd7 42. Be3 Kc7 43. Rd1 Kb7 44. Ra1 h5 45. h4 Rg4 46. Kf3 Ne7 47. Bg5 Nc8 48. Bf4 Na7 49. Ke3 Nb5 50. Kd3 Nc7 51. Ra2 Na6 52. Ra1 Nb8 53. c4 Na6 54. Kc3 dxc4 55. Kxc4 Nc7 56. Ra3 Nd5 57. Bg5 Re4 58. Bd2 Re2 59. Rd3 Rg2 60. b5 Re2 61. bxc6+ Kxc6 62. Kb3 Kb5 63. Bg5 Re4 64. Bd2 Rg4 65. Bg5 Nb4 0-1

[Event "Liechtenstein op 31st"]
[Site "Triesen"]
[Date "2013.05.07"]
[Round "5"]
[White "Vanheirzeele, Daniel"]
[Black "Ladner, Peter"]
[Result "1/2-1/2"]
[WhiteElo "2111"]
[BlackElo "2000"]
[PlyCount "74"]
[EventDate "2013.05.03"]
[EventType "swiss"]
[EventRounds "9"]
[EventCountry "LIE"]
[SourceTitle "CBM 154 Extra"]
[Source "ChessBase"]
[SourceDate "2013.06.25"]
[SourceVersion "2"]
[SourceVersionDate "2013.06.25"]
[SourceQuality "1"]

1. d4 Nf6 2. c4 e6 3. g3 d5 4. Nf3 Bb4+ 5. Bd2 Bxd2+ 6. Nbxd2 0-0 7. Bg2 Nbd7 8. 0-0 c5 9. cxd5 exd5 10. dxc5 Nxc5 11. Nb3 Qb6 12. Nxc5 Qxc5 13. Qd4 Qxd4 14. Nxd4 Be6 15. Rac1 Rfc8 16. e3 a6 17. h3 Rxc1 18. Rxc1 Rc8 19. Rxc8+ Bxc8 20. g4 h6 21. f4 g5 22. f5 Kf8 23. Kf2 Ke7 24. Ke2 Kd6 25. Kd3 Nd7 26. Nf3 Ne5+ 27. Kd4 Nc6+ 28. Kc3 b6 29. Nd4 Nxd4 30. Kxd4 Bb7 31. b4 f6 32. Bf1 a5 33. a3 Bc6 34. Be2 Bb7 35. Bb5 axb4 36. axb4 Bc6 37. Be2 Bb7 1/2-1/2

[Event "Liechtenstein op 27th"]
[Site "Triesen"]
[Date "2009.05.15"]
[Round "1"]
[White "Ladner, Peter"]
[Black "Foisor, Ovidiu Doru"]
[Result "0-1"]
[WhiteElo "1988"]
[BlackElo "2408"]
[PlyCount "40"]
[EventDate "2009.05.15"]
[EventType "swiss"]
[EventRounds "9"]
[EventCountry "LIE"]
[SourceTitle "CBM 130 Extra"]
[Source "ChessBase"]
[SourceDate "2009.07.02"]
[SourceVersion "2"]
[SourceVersionDate "2009.07.15"]
[SourceQuality "1"]

1. e4 e6 2. d4 d5 3. Nd2 Be7 4. c3 dxe4 5. Nxe4 Bd7 6. Nf3 Bc6 7. Bd3 Nd7 8. 0-0 Ngf6 9. Qe2 0-0 10. Re1 b6 11. Neg5 Bxf3 12. Qxf3 h6 13. Nh3 c5 14. Nf4 cxd4 15. cxd4 Bb4 16. Re2 Re8 17. a3 Bd6 18. Bc4 Rc8 19. Qb3 Qc7 20. Rxe6 Rxe6 0-1

[Event "Liechtenstein op 25th"]
[Site "Triesen"]
[Date "2007.05.11"]
[Round "1"]
[White "Vijayalakshmi, Subbaraman"]
[Black "Ladner, Peter"]
[Result "1-0"]
[WhiteElo "2424"]
[BlackElo "2030"]
[PlyCount "69"]
[EventDate "2007.05.11"]
[EventType "swiss"]
[EventRounds "9"]
[EventCountry "LIE"]
[SourceTitle "CBM 118 Extra"]
[Source "ChessBase"]
[SourceDate "2007.07.04"]
[SourceVersion "1"]
[SourceVersionDate "2007.07.04"]
[SourceQuality "1"]

1. d4 e6 2. c4 Nf6 3. Nc3 Bb4 4. f3 d5 5. a3 Bxc3+ 6. bxc3 b6 7. cxd5 exd5 8. e3 0-0 9. Bd3 Ba6 10. Ne2 c5 11. 0-0 cxd4 12. cxd4 Bxd3 13. Qxd3 Re8 14. Ng3 Nc6 15. Bd2 Re6 16. Rfc1 Rc8 17. a4 Qe8 18. Nf1 Nb8 19. a5 Rxc1 20. Rxc1 Rc6 21. Ra1 a6 22. axb6 Rxb6 23. Be1 Qc6 24. Qa3 Qb7 25. Bh4 h6 26. Rc1 Nbd7 27. Qe7 Re6 28. Qd8+ Re8 29. Qa5 Rc8 30. Ra1 Ra8 31. h3 Ne8 32. Bg3 Nef6 33. Nd2 Qc6 34. Nb3 Rb8 35. Bxb8 1-0

[Event "AUT-chT2W 0506"]
[Site "Austria"]
[Date "2006.01.21"]
[Round "7"]
[White "Hamberger, Hermann"]
[Black "Ladner, Peter"]
[Result "1/2-1/2"]
[WhiteElo "2129"]
[BlackElo "2038"]
[PlyCount "32"]
[EventDate "2005.10.08"]
[EventType "team"]
[EventRounds "11"]
[EventCountry "AUT"]
[SourceTitle "EXT 2007"]
[Source "ChessBase"]
[SourceDate "2006.11.23"]
[SourceVersion "1"]
[SourceVersionDate "2006.11.23"]
[SourceQuality "1"]
[WhiteTeam "Mozart"]
[BlackTeam "Lochau"]
[WhiteTeamCountry "AUT"]
[BlackTeamCountry "AUT"]

1. e4 c6 2. d4 d5 3. exd5 cxd5 4. Bd3 g6 5. Nf3 Bg7 6. c3 Nf6 7. 0-0 0-0 8. Bf4 b6 9. Re1 Ba6 10. Bxa6 Nxa6 11. Qe2 Qc8 12. Qxe7 Re8 13. Qa3 Rxe1+ 14. Nxe1 Qg4 15. Qxa6 Qxf4 16. Nd3 Qg5 1/2-1/2

[Event "AUT-chT2W 0506"]
[Site "Austria"]
[Date "2005.10.09"]
[Round "2.3"]
[White "Ladner, Peter"]
[Black "Besner, Bernhard"]
[Result "1/2-1/2"]
[WhiteElo "2038"]
[BlackElo "2114"]
[PlyCount "86"]
[EventDate "2005.10.08"]
[EventType "team"]
[EventRounds "11"]
[EventCountry "AUT"]
[SourceTitle "EXT 2006"]
[Source "ChessBase"]
[SourceDate "2005.11.24"]
[SourceVersion "1"]
[SourceVersionDate "2005.11.24"]
[SourceQuality "1"]
[WhiteTeam "Lochau"]
[BlackTeam "Salzburg"]
[WhiteTeamCountry "AUT"]
[BlackTeamCountry "AUT"]

1. e4 d5 2. exd5 Qxd5 3. Nc3 Qa5 4. d3 Nf6 5. Nf3 Bg4 6. Be2 e6 7. Nd4 Bb4 8. Bd2 Qe5 9. f4 Qxd4 10. Bxg4 Nxg4 11. Qxg4 Nd7 12. 0-0-0 0-0-0 13. Rhe1 h5 14. Qf3 Nf6 15. h3 Bxc3 16. Bxc3 Qd5 17. Qxd5 Nxd5 18. Bd2 g6 19. a3 Rhe8 20. Re2 a6 21. Rde1 Kd7 22. b3 Kc8 23. Kb2 Rd7 24. Kc1 Ne7 25. g4 hxg4 26. hxg4 Rh8 27. Rg2 Rh3 28. Ree2 Rd8 29. f5 Rh1+ 30. Kb2 gxf5 31. Bg5 Re8 32. Bxe7 Rxe7 33. gxf5 Rh6 34. Re4 Rf6 35. fxe6 Rexe6 36. Rxe6 Rxe6 37. Rf2 f6 38. d4 Kd7 39. d5 Re5 40. c4 c6 41. Kc3 cxd5 42. cxd5 Ke7 43. Kd4 b6 1/2-1/2